| 000 | 01737pam a2200445 i 4500 | ||
|---|---|---|---|
| 001 | 1534861748 | ||
| 003 | DLC | ||
| 005 | 20260118173233.0 | ||
| 007 | t| | ||
| 008 | 251208s2025 nyu d 000 1 eng | ||
| 010 | _a 2025038694 | ||
| 020 |
_a9780593643006 _qhardcover |
||
| 020 |
_a9780593643013 _qlibrary binding |
||
| 020 |
_a9780593643037 _qtrade paperback |
||
| 035 | _a(OCoLC)1534861748 | ||
| 035 | 9 | 0 | _a(OCoLC)1492480784 |
| 040 |
_aDLC _beng _erda _cDLC _dDLC-MRC _dDLC _dTnLvILS |
||
| 042 |
_apcc _acyac |
||
| 043 | _an-us--- | ||
| 043 | _aa-vt--- | ||
| 100 | 1 |
_aHoang, Jamie Jo, _eauthor. _4aut. _4http://id.loc.gov/vocabulary/ relators/aut _942154 |
|
| 245 | 1 | 0 |
_aMy mother, the mermaid chaser / _cJamie Jo Hoang. |
| 300 |
_a384 pages ; _c22 cm. |
||
| 520 | _aTold in alternating voices, sixteen-year-old Paul travels to Vietnam where he searches for more information about his mother, who made the difficult decision to leave her children after a long struggle with grief and an abusive marriage. | ||
| 650 | 0 |
_aMothers and sons _vJuvenile fiction. _99641 |
|
| 650 | 0 |
_aMissing persons _vJuvenile fiction. |
|
| 650 | 0 |
_aGrief _vJuvenile fiction. |
|
| 650 | 0 |
_aVietnamese Americans _vJuvenile fiction. |
|
| 650 | 1 |
_aMothers and sons _vFiction. |
|
| 650 | 1 |
_aMissing persons _vFiction. |
|
| 650 | 1 |
_aGrief _vFiction. |
|
| 650 | 1 |
_aVietnamese Americans _vFiction. _938771 |
|
| 651 | 0 |
_aVietnam _vJuvenile fiction. _939658 |
|
| 651 | 1 |
_aVietnam _vFiction. _955541 |
|
| 655 | 7 |
_aNovels. _2lcgft |
|
| 655 | 7 |
_aFiction. _2lcgft |
|
| 776 | 1 |
_iOnline version _aHoang, Jamie Jo _tMy mother, the mermaid chaser _dNew York : Crown Books, 2025 _z9780593643020 _w(DLC) 2025038695. |
|
| 907 | _a.b513556916 | ||
| 942 |
_2ddc _cBK |
||
| 999 |
_c129542 _d129542 |
||